000 01135namaa22002891i 4500
003 EG-GICUC
005 20260505114814.0
008 260505m1934 le ||||jr|||| 000 0 ara d
040 _aEG-GiCUC
_bara
_cEG-GiCUC
_dEG-GiCUC
_erda
082 0 4 _221
_a819.5
_bZ217f
092 0 4 _221
_a819.5
_bZ217f
099 _a819.5 Z217f
100 0 _aزكى مبارك،
_eمؤلف.
245 1 2 _aالنثر الفنى فى القرن الرابع /
_cزكى مبارك
264 _aبيروت (لبنان) :
_bمنشورات المكتبة العصرية،
_c[1934]
300 _a؛ 2 مجلد
_c24 سم
_bإيضاحيات، صور، مثيليات ؛ Illustrations
336 _2rdacontent
_atext
337 _2rdamedia
_aUnmediated
338 _2rdacarrier
_avolume
504 _aيشتمل على ارجاعات ببليوجرافية
541 _aد. جابر عصفور ؛
_bالقاهرة ؛
_cإهداء ؛
_d2024.
650 1 7 _aالنثر العربى
_xتاريخ ونقد
_2qrmak
650 1 7 _aالنثر العربى
_xتاريخ
_yالعصر العباسى
_2qrmak
651 1 _2qrmak
905 _aHuda
942 _2ddc
_cBK
_e21
_n0
999 _c179979
_d179979